| 000 | 00000nam 2200000za 4500 |
| 001 | 9.822400 |
| 003 | CaOODSP |
| 005 | 20221107143655 |
| 007 | cr ||||||||||| |
| 008 | 160810s1994 onc||||#o i00| 0 eng d |
| 040 | |aCaOODSP|beng |
| 043 | |an-cn--- |
| 086 | 1 |aE100-2/2-89-1904-01E-PDF |
| 110 | 1 |aCanada.|bBinational Secretariat. |
| 245 | 10|aIn the matter of red raspberries from Canada |h[electronic resource] : |bClearbook Packers, Inc., Marco Estates Ltd./Landgrow and Mukhtiar & Sons Packers, Ltd., Complainants, v. United States Department of Commerce, International Trade Administration, Respondent. |
| 246 | 1 |iAt head of title : |aArticle 1904 Binational Panel |
| 260 | |aOttawa : |b[Binational Secretariat, Canada-United States Free Trade Agreement], |cc1994. |
| 300 | |a24, [6] p. |
| 500 | |a"Decided: December 15, 1989." |
| 500 | |aIssued also in French under title: Dans l'affaire des framboises rouges du Canada. |
| 504 | |aIncludes bibliographical references. |
| 692 | 07|2gccst|aFree trade agreements |
| 692 | 07|2gccst|aInternational trade |
| 692 | 07|2gccst|aAgri-food industry |
| 775 | 08|tDans l'affaire des framboises rouges du Canada |w(CaOODSP)9.822405 |
| 856 | 40|qPDF|s1.80 MB|uhttps://publications.gc.ca/collections/collection_2016/alena-sec-nafta/E100-2-2-89-1904-01-eng.pdf |
| 986 | |aUSA 89-1904-01 |